00464nam a22001337a 4500008004100000040005500041080002200096100002100118245008600139260004800225300001500273650002300288700001900311230530b |||||||| |||| 00| 0 eng d aNational Science LibrarycNational Science Library a582.28:536.45bK4 aCooney, Donald G aThermophilic fungi: bAn account of their biology, activities, and classification aLondon: bW. H. Freeman and Company, c1964 axii, 188p. aThermophilic fungi aEmerson, Ralph